Państwa według podpowiedzi - litera R - Statystyki

Ogólne statystyki
  • Ten quiz został rozwiązany 38 razy
  • Średni wynik to 5 z 6
Statystyki odpowiedzi
Podpowiedź Państwo % Poprawnych
We wrześniu 1939 roku polski rząd ewakuował się do tego państwa Rumunia
94%
W 1994 wydarzyła się tam masakra osób pochodzenia Tutsi dokonana przez ekstremistów Hutu Rwanda
94%
Jako jedyne ma 3 stolice Republika Południowej Afryki
91%
Obecnie jest na wojnie Rosja
91%
Ponad połowa mieszkańców tego państwa o potomkowie imigrantów z Nigerii i Sudanu Republika Środkowoafrykańska
70%
Największą jego wyspą jest Santiago Republika Zielonego Przylądka
61%
Nie znaleziono quizów pasujących do podanych kryteriów
Rozkład punktacji
Procent ludzi z każdym wynikiem
Percentyl według liczby udzielonych odpowiedzi
Twoja historia wyników
Nie rozwiązałeś tego quizu